Stres nečakajte na vyhorenie
Salvato in:
| Autore principale: | |
|---|---|
| Natura: | Libro |
| Lingua: | slovacco |
| Pubblicazione: |
Bratislava
Ikar
2012
|
| Soggetti: | |
| Tags: |
Nessun Tag, puoi essere il primo ad aggiungerne!!
|
MARC
| LEADER | 00000nam a2200000 4500 | ||
|---|---|---|---|
| 001 | 0182849 | ||
| 005 | 20240314094558.9 | ||
| 020 | |a 978-80-551-2907-5 | ||
| 041 | 0 | |a slo | |
| 044 | |a SK | ||
| 245 | 1 | 0 | |a Stres |b nečakajte na vyhorenie |c Kate Middletonová |
| 264 | 1 | |a Bratislava |b Ikar |c 2012 | |
| 300 | |a 174 s. | ||
| 610 | 2 | 0 | |a stresy |
| 610 | 2 | 0 | |a emócie |
| 610 | 2 | 0 | |a osobnosť |
| 610 | 2 | 0 | |a hygiena duševná |
| 100 | 1 | |a Middletonová, Kate | |